00341nam a22001337a 4500003000500000005001700005008004100022038000600063082001200069100001600081245006200097260002900159300001900188NUST20180601061805.0180601b ||||| |||| 00| 0 eng d a0 a150 COO 4Dennis Coon aGateways to psychology visual guides and technology tools aAustraliabThomsonc2004 avarious paging